| 000 | 00844nam a22002897a 4500 | ||
|---|---|---|---|
| 001 | BR9400638 | ||
| 003 | BR-BrBNA | ||
| 005 | 20230928093901.0 | ||
| 007 | ta | ||
| 008 | 230509b bl.||||| |||| 00| 0 por d | ||
| 040 |
_aBR-BrBNA _bpor _cBiblioteca Nacional de Agricultura |
||
| 041 | _a(Por) | ||
| 072 | _aE11; E50; D50 | ||
| 090 | _ E11 BR9400638 | ||
| 100 | 1 | _aLima, R.A. de M. | |
| 110 | 1 | _aInstituto Nacional de Colonizacao e Reforma Agraria, Rio de Janeiro, RJ (Brasil) | |
| 245 | 1 |
_aO modulo rural _bSeminario de Direito Agrario |
|
| 260 | 3 |
_aRio de Janeiro, RJ (Brasil): _c1989. |
|
| 300 | _a11 p. | ||
| 650 | _aReforma Agraria | ||
| 650 | _aDistribuicao de Terra | ||
| 650 | _aZoneamento Agrario | ||
| 650 | _aEstrutura Agraria | ||
| 650 | _aLegislacao Agraria | ||
| 909 |
_a202309 _bLucia _c55 _dLucia Elande |
||
| 942 | _cBK | ||
| 999 |
_c47690 _d47690 |
||